Estadísticas para Clasificacion historica de FMS Argentina

Haz click aquí para intentar la prueba.

Estadísticas generales

  • Esta prueba ha sido intentada 67 veces
  • La puntuación promedio es 10 de 14

Estadísticas de respuestas

PosicionPuntosFreestyler% Correcto
158Papo
98%
246Stuart
80%
825Trueno
73%
538Klan
72%
633Cacha
70%
925Wos
70%
343Mks
68%
1018Replik
68%
439Dtoke
67%
1213Sub
63%
1410Dani
62%
1118Mecha
60%
726Nacho
58%
1312Wolf
52%

Distribución de puntuación

Porcentaje por número respondido

Porcentaje de gente con cada puntuación

Historial de tus puntuaciones

No has intentado esta prueba.